Zdeněk Kříž : obrazy, kresby /

Hlavní autor: Kříž, Zdeněk, 1941-
Korporativní autor: Muzeum Dr. Aleše Hrdličky (Humpolec, Pelhřimov, Česko)
Další autoři: Jiráčková, Blanka, 1950-
Jazyk: Čeština
Vydáno: [Humpolec] : [Muzeum dr. Aleše Hrdličky], [1986]
Témata:
Fyzický popis: 6 nečíslovaných stran : ilustrace ; 30 cm + 3 obrazové přílohy
Knihy
Uloženo v:
LEADER 01978nam a2200493 i 4500
001 001921683
003 CZ BrMZK
005 20250326081144.0
007 ta
008 250115s1986 xr a e c 000 0dcze
020 |q (Volné listy v obalu) 
040 |a BOA001  |b cze  |e rda 
043 |a e-xr--- 
045 |a x-x- 
072 7 |a 75  |x Malířství  |2 Konspekt  |9 21 
080 |a 75(437.3)  |2 MRF 
080 |a 75.036/.038  |2 MRF 
080 |a (437.3)  |2 MRF 
080 |a (083.824)  |2 MRF 
100 1 |a Kříž, Zdeněk,  |d 1941-  |7 mzk20251256597  |4 art 
245 1 0 |a Zdeněk Kříž :  |b obrazy, kresby /  |c text B. Jiráčková 
246 3 0 |a Obrazy, kresby 
264 1 |a [Humpolec] :  |b [Muzeum dr. Aleše Hrdličky],  |c [1986] 
300 |a 6 nečíslovaných stran :  |b ilustrace ;  |c 30 cm +  |e 3 obrazové přílohy 
336 |a text  |b txt  |2 rdacontent 
336 |a statický obraz  |b sti  |2 rdacontent 
337 |a bez média  |b n  |2 rdamedia 
338 |a svazek  |b nc  |2 rdacarrier 
500 |a Výstavu uspořádalo Muzeum dr. Aleše Hrdličky v Humpolci ve spolupráci se Středočeskou krajskou organizací ve výstavních prostorách muzea od 28. června - 20. července 1986 
500 |a Životopisná data a přehled výstav 
600 1 7 |a Kříž, Zdeněk,  |d 1941-  |7 mzk20251256597 
648 7 |a 20. století  |7 ch460558 
650 0 7 |a české malířství  |7 ph116864  |y 20. století  |2 czenas 
650 0 7 |a moderní malířství  |7 ph122940  |z Česko  |2 czenas 
650 0 9 |a Czech painting  |y 20th century  |2 eczenas 
650 0 9 |a modern painting  |z Czechia  |2 eczenas 
655 7 |a katalogy výstav  |7 fd132536  |2 czenas 
655 9 |a exhibition catalogs  |2 eczenas 
700 1 |a Jiráčková, Blanka,  |d 1950-  |7 xx0021224  |4 wfw 
710 2 |a Muzeum Dr. Aleše Hrdličky (Humpolec, Pelhřimov, Česko)  |7 ko2003171815  |4 orm  |4 isb 
910 |a BOA001  |b X-1541.477 
990 |a BK 
991 |b 202503 
996 6 |b 2610992914  |c X-1541.477  |l MZK  |r Sklad / do 24 hodin  |n 0  |p dar  |w 001992167  |u 000010  |a 1  |e BOA001  |j MZK50  |s P